000 00814nam0a22002651 4500
001 rc\112049
005 20250620184648.0
010 _a5-88451-019-5
_915000
035 _a(NLR Aleph) 005372108
090 _a7011128
_c7011128
100 _a20021216d1995 |||y0rusy50 ca
101 0 _arus
102 _aRU
105 _aa |||||||||
200 1 _aДиагностика интеллекта методом рисуночного теста
205 _a2-е изд., испр.
210 _aМ.
_cПамятники ист. мысли
_d1995
215 _a81, [3] с.
_cил.
_d20
320 _aБиблиогр.: с. 83
700 1 _aСтепанов
_bС.С.
_gСергей Сергеевич
801 0 _aRU
_bNLR
_gpsbo
801 1 _aRU
_bELAR
_2rusmarc
852 _aNLR
_j95-4/8870
942 _cBOOK
980 _aNB